<?xml version="1.0" encoding="UTF-8"?>
<marc:record xmlns:marc="http://www.loc.gov/MARC21/slim">
   <marc:leader>00000nam a2200000 a 4500</marc:leader>
   <marc:datafield ind1="1" ind2=" " tag="100">
      <marc:subfield code="a">Fehlau, Eberhard G.</marc:subfield>
      <marc:subfield code="4">aut</marc:subfield>
      <marc:subfield code="e">Verfasser/-in</marc:subfield>
   </marc:datafield>
   <marc:datafield ind1="0" ind2="0" tag="245">
      <marc:subfield code="a">Konflikte erfolgreich managen</marc:subfield>
   </marc:datafield>
   <marc:datafield ind1=" " ind2="1" tag="264">
      <marc:subfield code="b">Rudolf Haufe Verlag</marc:subfield>
      <marc:subfield code="c">2014</marc:subfield>
   </marc:datafield>
   <marc:datafield ind1="1" ind2=" " tag="490">
      <marc:subfield code="a">Taschenguide</marc:subfield>
   </marc:datafield>
   <marc:datafield ind1="1" ind2=" " tag="520">
      <marc:subfield code="a">Nicht allen Konflikten kann, nicht allen sollte man ausweichen. Der TaschenGuide erklärt, wie Konflikte ablaufen und gibt Tipps zur konstruktiven Lösung. Mit Übungsteil, der Sie auf typische Konfliktsituationen vorbereitet. Jeder kennt sie, keiner will sie: Konflikte und Auseinandersetzungen. Doch nicht immer sind sie schädlich, denn häufig eröffnen sie Möglichkeiten zur Veränderung und Weiterentwicklung - gerade dort, wo Menschen zusammenarbeiten. Hier erfahren Sie, wie Sie diese Herausforderung mit mehr Kompetenz meistern, ob als Kollege, Mitarbeiter oder Vorgesetzter. Inhalte: Konfliktpotenzial richtig einschätzen und das eigene Problembewusstsein schärfen. Konflikte konstruktiv lösen: auf andere zugehen, Kompromisse finden, Entscheidungen treffen. Konflikten vorbeugen: Spielregeln beachten und miteinander arbeiten. Mit großem Trainingsteil: Handlungsoptionen im Umgang mit Konflikten.</marc:subfield>
   </marc:datafield>
   <marc:datafield ind1=" " ind2=" " tag="020">
      <marc:subfield code="a">9783648042328</marc:subfield>
      <marc:subfield code="9">9783648042328</marc:subfield>
   </marc:datafield>
   <marc:datafield ind1=" " ind2=" " tag="041">
      <marc:subfield code="a">ger</marc:subfield>
   </marc:datafield>
   <marc:datafield ind1=" " ind2=" " tag="300">
      <marc:subfield code="a">257 S.</marc:subfield>
   </marc:datafield>
</marc:record>
